<?xml version="1.0" encoding="UTF-8"?>
<record
    xmlns:xsi="http://www.w3.org/2001/XMLSchema-instance"
    xsi:schemaLocation="http://www.loc.gov/MARC21/slim http://www.loc.gov/standards/marcxml/schema/MARC21slim.xsd"
    xmlns="http://www.loc.gov/MARC21/slim">

  <leader>00701nam a22001697a 4500</leader>
  <controlfield tag="005">20220726092638.0</controlfield>
  <controlfield tag="008">220725b           ||||| |||| 00| 0 eng d</controlfield>
  <datafield tag="040" ind1=" " ind2=" ">
    <subfield code="c">Aloy</subfield>
  </datafield>
  <datafield tag="082" ind1=" " ind2=" ">
    <subfield code="2">23</subfield>
    <subfield code="a">361.092H</subfield>
    <subfield code="b">PASJ</subfield>
  </datafield>
  <datafield tag="100" ind1=" " ind2=" ">
    <subfield code="a">Devnarayan Paswan: &#x926;&#x947;&#x935;&#x928;&#x93E;&#x930;&#x93E;&#x92F;&#x923; &#x92A;&#x93E;&#x938;&#x935;&#x93E;&#x928; </subfield>
    <subfield code="9">53231</subfield>
  </datafield>
  <datafield tag="245" ind1=" " ind2=" ">
    <subfield code="a">Jopdi ke lal Da Ramkaran pal: &#x91D;&#x94B;&#x92A;&#x921;&#x93C;&#x940; &#x915;&#x947; &#x932;&#x93E;&#x932; &#x921;&#x949;  &#x930;&#x93E;&#x92E;&#x915;&#x930;&#x923; &#x92A;&#x93E;&#x932; </subfield>
  </datafield>
  <datafield tag="260" ind1=" " ind2=" ">
    <subfield code="a">Patna</subfield>
    <subfield code="b">Mahatma Jyothiba Phule Shodh Samsthan Prakashan</subfield>
    <subfield code="c">2005</subfield>
  </datafield>
  <datafield tag="300" ind1=" " ind2=" ">
    <subfield code="a">269p.</subfield>
    <subfield code="b">HB</subfield>
    <subfield code="c">22x13cm.</subfield>
  </datafield>
  <datafield tag="650" ind1=" " ind2=" ">
    <subfield code="a">Biography: &#x91C;&#x940;&#x935;&#x928;&#x91A;&#x930;&#x93F;&#x924;&#x94D;&#x930; </subfield>
    <subfield code="9">53111</subfield>
  </datafield>
  <datafield tag="700" ind1=" " ind2=" ">
    <subfield code="a">Paswan (Devnarayan): &#x92A;&#x93E;&#x938;&#x935;&#x93E;&#x928; (&#x926;&#x947;&#x935;&#x928;&#x93E;&#x930;&#x93E;&#x92F;&#x923;)</subfield>
    <subfield code="9">53112</subfield>
  </datafield>
  <datafield tag="942" ind1=" " ind2=" ">
    <subfield code="2">ddc</subfield>
    <subfield code="c">GF</subfield>
  </datafield>
  <datafield tag="999" ind1=" " ind2=" ">
    <subfield code="c">224150</subfield>
    <subfield code="d">224150</subfield>
  </datafield>
  <datafield tag="952" ind1=" " ind2=" ">
    <subfield code="0">0</subfield>
    <subfield code="1">0</subfield>
    <subfield code="2">ddc</subfield>
    <subfield code="4">0</subfield>
    <subfield code="7">0</subfield>
    <subfield code="8">SW</subfield>
    <subfield code="a">AL</subfield>
    <subfield code="b">AL</subfield>
    <subfield code="d">2022-07-25</subfield>
    <subfield code="l">0</subfield>
    <subfield code="o">361.092H PASJ</subfield>
    <subfield code="p">GF02696</subfield>
    <subfield code="r">2022-07-25 00:00:00</subfield>
    <subfield code="w">2022-07-25</subfield>
    <subfield code="y">GF</subfield>
  </datafield>
</record>
